Statistiken für Top 15 der betroffenen Covid-19-Länder - 23. Juli

Klicken Sie hier um das Quiz zu spielen!

Allgemein

  • Dieses Quiz wurde 11 mal gespielt
  • Das Durchschnittsergebnis liegt bei 15 aus 25

Antwortstatistiken

Land% Korrekt
Brasilien
100%
Vereinigte Staaten
100%
Italien
91%
Mexiko
91%
Russland
91%
Chile
82%
Chile
82%
Indien
82%
Peru
82%
Spanien
82%
Vereinigtes Königreich
73%
Kolumbien
64%
Schweden
55%
Iran
45%
Saudi-Arabien
45%
Südafrika
45%
Bahrain
36%
Katar
36%
Kuwait
36%
Oman
36%
Pakistan
36%
Armenien
18%
Panama
18%
Singapur
18%
Weißrussland
18%

Verteilung der Resultate

Perzentil nach korrekt beantworteten Fragen

Anzahl Personen mit jedem Resultat

Ihre Resultats-Entwicklung

Sie haben dieses Quiz noch nicht gespielt